Rayo Vallecano Squad 2018-2019 - Statistics

General Stats
  • This quiz has been taken 17 times
  • The average score is 17 of 31
Answer Stats
# Position Nation Player % Correct
8 MF Argentina Óscar Trejo
100%
1 GK Spain Alberto García
91%
14 FW Cape Verde Bebé
91%
13 GK North Macedonia Stole Dimitrievski
91%
5 DF Spain Alejandro Catena
82%
18 FW Spain Álvaro García
82%
17 DF Peru Luis Advíncula
82%
15 MF Spain Mario Suárez
82%
- Coach Spain Paco Jémez
82%
27 MF Spain Santi Comesaña
82%
21 DF Senegal Abdoulaye Ba
73%
11 FW Spain Adrián Embarba
73%
19 FW Guinea Lassane Bangoura
73%
9 FW Spain Raúl de Tomás
73%
10 MF DR Congo Gaël Kakuta
64%
2 DF Spain Tito
55%
7 DF Spain Álex Moreno
45%
22 MF Spain José Ángel Pozo
45%
23 DF Spain Alejandro Gálvez
36%
20 DF Uruguay Emiliano Velázquez
36%
- Coach Spain Míchel
36%
4 MF Spain Álvaro Medrán
27%
25 FW Argentina Franco Di Santo
27%
12 MF DR Congo Giannelli Imbula
27%
24 FW Spain Javi Guerra
27%
16 DF Spain Jordi Amat
27%
28 DF Spain Sergio Akieme
27%
3 MF Nigeria Uche Agbo
27%
15 FW Spain Alex Alegría
18%
5 DF Spain Chechu Dorado
18%
6 DF Spain Gorka Elustondo
9%
No matching quizzes found
Score Distribution
Percent of People with Each Score
Percentile by Number Answered
Your Score History
You have not taken this quiz